000
00257nam a2200097Ia 4500
008
240331s9999 xx 000 0 und d
082
_b
SHA
100
_a
Shapiro,E
245
4
_a
The women say the men say :
_b
women liberation and men's consciouseness
942
_c
L
999
_c
2480
_d
2480